| 000 | 00417cam a2200157ua 4500 | ||
|---|---|---|---|
| 041 |
_aeng _h |
||
| 082 |
_a629.13 _bTAT/AE |
||
| 100 | _aTatham, R . | ||
| 245 |
_aAeronautical engineering for national certificate vol-2 / _cR Tatham. _hTextual Documents |
||
| 250 |
_a1 / _b. |
||
| 260 |
_aLondon : _bEnglish Universities Press , _c1952. |
||
| 300 | _a215 ; . | ||
| 504 | _a | ||
| 942 | _cBK | ||
| 999 |
_c7480 _d7480 |
||